History Quiz

Random History or Islam Quiz

Fatimid caliphs of Egypt Quiz Stats

 Plays Quiz not verified by Sporcle

Score 0/14 Timer 05:00
0 Plays Today
Year Caliph % Correct
996-1021Abu 'Ali al-Hakim al-Mansur
72.7%
946-953Abu Tahir al-Mansur Isma'il
63.6%
953-975Abu Tamim al-Mu'izz Ma'add
51.5%
975-996Abu Mansur al-'Aziz Nizar
48.5%
1160-1171Abu Muhammad al-'Adid 'Abd-Allah ibn Yusuf
45.5%
934-946Abu al-Qasim al-Qa'im Muhammad
42.4%
1036-1094Abu Tamim al-Mustansir Ma'add
39.4%
Year Caliph % Correct
1021-1036Abu al-Hasan al-Zahir 'Ali
36.4%
909-934Abu Muhammad al-Mahdi Ubayd-Allah ibn Husayn
33.3%
1094-1101Abu al-Qasim al-Musta'li Ahmad
33.3%
1101-1131Abu 'Ali al-Amir al-Mansur
27.3%
1131-1149Abu al-Maymun al-Hafiz 'Abd al-Majid ibn Muhammad
27.3%
1154-1160Abu al-Qasim al-Fa'iz 'Isa
18.2%
1149-1154Abu al-Mansur al-Zafir Isma'il
15.2%

You're not logged in!

Compare scores with friends on all Sporcle quizzes.
OR
Log In

Show Comments

Extras

Top Quizzes Today


Score Distribution

Your Account Isn't Verified!

In order to create a playlist on Sporcle, you need to verify the email address you used during registration. Go to your Sporcle Settings to finish the process.

Report this User

Report this user for behavior that violates our Community Guidelines.

Details: